| 000 | 01048nam a2200229Ia 4500 | ||
|---|---|---|---|
| 003 | Ost | ||
| 005 | 20260507075126.0 | ||
| 008 | 260507s9999||||xx |||||||||||||| ||und|| | ||
| 020 | _a7056169957 | ||
| 040 | _cfsecg | ||
| 041 | _aara | ||
| 082 | _a330 | ||
| 100 |
_aبرهم اسماعيل، نضال _eمؤلف |
||
| 245 | 0 |
_aأحكام عقود التجارة الإليكترونية / _c نضال برهم اسماعيل |
|
| 260 |
_aعمان: _bدار الثقافة, _c2005 |
||
| 300 |
_a204 صفحة؛ _c25 سم |
||
| 520 | _aأحكام عقد التجارة الإلكترونية-أثار العقد-العلاقة القانونية بين حامل البطاقة والتاجر-إساءة استخدام البطاقة الإئتمانية-حماية المستهلك في عقد التجارة الإليكترونية-اثبات عقد التجارة الإليكترونية | ||
| 653 | _aالبطاقات الإئتمانية | ||
| 653 | _aالتجارة الإلكترونية | ||
| 653 | _aالعقد | ||
| 942 | _cكتاب | ||
| 999 |
_c43147 _d43147 |
||